From wilson to roosevelt : Foreign policy of the United States, 1913-1945
Contents: Part one The new diplomacy and its defeat 1913-1921, Part two The era of nationalism 1921-1933, Part three The roosevelt era 1933-1945
Saved in:
| Main Author: | |
|---|---|
| Format: | Book |
| Language: | Undetermined |
| Published: |
New York and Evanston
Harper & Row, publishers
1968
|
| Subjects: | |
| Tags: |
Add Tag
No Tags, Be the first to tag this record!
|
| Institutions: | Trung tâm Học liệu Trường Đại học Cần Thơ |
|---|
| LEADER | 00880nam a2200241Ia 4500 | ||
|---|---|---|---|
| 001 | CTU_222073 | ||
| 008 | 210402s9999 xx 000 0 und d | ||
| 020 | |c 6.95 | ||
| 082 | |a 327.73 | ||
| 082 | |b D964 | ||
| 100 | |a Duroselle, Jean Baptiste | ||
| 245 | 0 | |a From wilson to roosevelt : | |
| 245 | 0 | |b Foreign policy of the United States, 1913-1945 | |
| 245 | 0 | |c J. B.Duroselle; trans. by N. L. Roelker | |
| 260 | |a New York and Evanston | ||
| 260 | |b Harper & Row, publishers | ||
| 260 | |c 1968 | ||
| 520 | |a Contents: Part one The new diplomacy and its defeat 1913-1921, Part two The era of nationalism 1921-1933, Part three The roosevelt era 1933-1945 | ||
| 650 | |a Hoa Kỳ,United States | ||
| 650 | |x Quan hệ ngoại giao,Foreign relations | ||
| 650 | |y 1901-1953 | ||
| 904 | |i Nguyễn An Khang,Hải | ||
| 980 | |a Trung tâm Học liệu Trường Đại học Cần Thơ | ||